Norfolk County, MA - Map Quiz - Statistics

General Stats
  • This quiz has been taken 102 times
  • The average score is 12 of 28
Answers on the Map
Answers color-coded by a green-red scale on the quiz's map according to % correct below.
 
Answer Stats
Answer % Correct
Brookline
56%
Dedham
53%
Cohasset
50%
Medfield
50%
Quincy
50%
Franklin
47%
Needham
47%
Plainville
47%
Wellesley
47%
Avon
44%
Bellingham
44%
Dover
44%
Foxborough
44%
Norwood
44%
Randolph
44%
Westwood
44%
Braintree
41%
Medway
41%
Millis
41%
Milton
41%
Walpole
41%
Wrentham
41%
Canton
38%
Norfolk
38%
Weymouth
38%
Sharon
34%
Stoughton
34%
Holbrook
31%
No matching quizzes found
Score Distribution
Percent of People with Each Score
Percentile by Number Answered
Your Score History
You have not taken this quiz